00514 2200205 4500001002100000005001500021007000300036008004100039020001800080035002000098082000800118084001400126100001400140245004800154250000600202260003600208300002200244650002100266856002100287INLIS00000000000135020190718100923ta190718 e 0 ind  a9789797568245 a0010-0619000022 a005 a005 IRW r0 aIrwan Isa1 aReengineering Sistem Informasi /cIrwan Isa a1 aYogyakarta :bGraha Ilmu,c2012 ax,206 p. ;c23 cm aSistem Informasi aSistem Informasi